00354nam a2200145Ia 4500008004100000020001500041041001200056082001100068100001700079245004900096250000800145260003100153300000900184650001500193221030s9999 xx 000 0 und d a8126131497 aEnglish a105.23 aV. K. Bhalla 0aFinancial Management & Policy - Text & Cases a6th bAnmol PubaNew Delhic2007 a1226 aManagement